Guess the TV Show in 3 Words Quiz Stats

 Plays Quiz Updated Oct 15, 2018

Score 0/60 Timer 09:00
5 Plays Today
% Correct
Baywatch
91.1%
Barney & Friends
88.6%
The Bugs Bunny Show
88%
Who Wants to Be a Millionaire?
87.8%
The Apprentice
87.1%
Sesame Street
86.4%
Orange Is the New Black
86.3%
Breaking Bad
86%
The Flintstones
85.7%
Wheel of Fortune
85.6%
M*A*S*H
85%
South Park
85%
The Love Boat
84.6%
The Price Is Right
83.5%
Doogie Howser, M.D.
83.2%
Jeopardy!
82.7%
The Simpsons
81.8%
House, M.D.
81.7%
Frasier
81%
The Tonight Show
80.2%
Dallas
80%
Cheers
79.5%
Batman
79.3%
CHiPs
78.7%
Scooby-Doo, Where Are You!
78.7%
21 Jump Street
78.6%
Mister Ed
78%
Gilligan's Island
76.9%
Mork & Mindy
76.7%
The Brady Bunch
76.6%
% Correct
The Road Runner Show
76.3%
Deadliest Catch
75.9%
The Sonny & Cher Comedy Hour
75.9%
Dora the Explorer
75.5%
The Addams Family
75.2%
The Dukes of Hazzard
75.1%
Saturday Night Live
74.4%
The Twilight Zone
73.5%
Happy Days
73%
The Fresh Prince of Bel-Air
72.5%
Mad Men
71.1%
The Odd Couple
70.6%
The Jetsons
70.5%
Survivor
68.4%
Seinfeld
67.4%
Hogan's Heroes
66.5%
Get Smart
66%
Fantasy Island
64.5%
Welcome Back, Kotter
63.3%
Battlestar Galactica
63.2%
All in the Family
62.5%
Good Times
59.5%
Stranger Things
59.2%
I Dream of Jeannie
58.1%
Project Runway
54.1%
Late Show with David Letterman
53.9%
Monty Python's Flying Circus
48.9%
The Great British Baking Show
42.1%
Westworld
38.6%
The Mary Tyler Moore Show
33.9%

You're not logged in!

Compare scores with friends on all Sporcle quizzes.
OR
Log In

Sporcle TV

Today on Sporcle TV


Watch our educational content, quiz creation guides, and fun videos on Sporcle TV.

Show Comments

Extras

Top Quizzes Today


Score Distribution

Your Account Isn't Verified!

In order to create a playlist on Sporcle, you need to verify the email address you used during registration. Go to your Sporcle Settings to finish the process.

Report this User

Report this user for behavior that violates our Community Guidelines.

Details: